Concise inorganic chemistry (Record no. 17024)
[ view plain ]
| 000 -LEADER | |
|---|---|
| fixed length control field | 00287nam a22001217a 4500 |
| 008 - FIXED-LENGTH DATA ELEMENTS--GENERAL INFORMATION | |
| fixed length control field | 140219t xxu||||| |||| 00| 0 eng d |
| 020 ## - INTERNATIONAL STANDARD BOOK NUMBER | |
| International Standard Book Number | 978-0-632-05459-6 |
| 100 ## - MAIN ENTRY--PERSONAL NAME | |
| Personal name | J.D. Lee |
| 9 (RLIN) | 767 |
| 245 ## - TITLE STATEMENT | |
| Title | Concise inorganic chemistry |
| 250 ## - EDITION STATEMENT | |
| Edition statement | fifth edition |
| 300 ## - PHYSICAL DESCRIPTION | |
| Extent | 1032 |
| 942 ## - ADDED ENTRY ELEMENTS (KOHA) | |
| Source of classification or shelving scheme | |
| Koha item type | Book |
| Withdrawn status | Lost status | Source of classification or shelving scheme | Damaged status | Not for loan | Collection code | Permanent Location | Current Location | Date acquired | Total Checkouts | Full call number | Barcode | Date last seen | Price effective from | Koha item type | Total Renewals | Checked out | Date last checked out |
|---|---|---|---|---|---|---|---|---|---|---|---|---|---|---|---|---|---|
| Atta-ur-Rahman School of Applied Biosciences (ASAB) | Atta-ur-Rahman School of Applied Biosciences (ASAB) | 02/19/2014 | 546.1 LEE | ASAB10 | 02/19/2014 | 02/19/2014 | Book | ||||||||||
| Atta-ur-Rahman School of Applied Biosciences (ASAB) | Atta-ur-Rahman School of Applied Biosciences (ASAB) | 02/19/2014 | 546.1 LEE | ASAB09 | 06/20/2019 | 02/19/2014 | Book | ||||||||||
| Atta-ur-Rahman School of Applied Biosciences (ASAB) | Atta-ur-Rahman School of Applied Biosciences (ASAB) | 02/19/2014 | 546.1 LEE | ASAB08 | 02/19/2014 | 02/19/2014 | Book | ||||||||||
| Central Library (CL) | Central Library (CL) | 02/19/2014 | 5 | 546 LEE | ASAB07 | 02/10/2025 | 02/19/2014 | Book | 6 | 06/01/2025 | 02/10/2025 |
